Largest Cities in the Least Populated States - Statistics

General Stats
  • This quiz has been taken 61 times
  • The average score is 12 of 25
Answer Stats
State Population Answer % Correct
Alaska 286,000 Anchorage
98%
Alaska 31,000 Juneau
96%
Wyoming 64,000 Cheyenne
94%
South Dakota 174,000 Sioux Falls
92%
North Dakota 106,000 Fargo
88%
Alaska 31,000 Fairbanks
86%
North Dakota 61,000 Bismarck
82%
Vermont 43,000 Burlington
78%
South Dakota 74,000 Rapid City
73%
Wyoming 55,000 Casper
65%
Wyoming 33,000 Laramie
53%
North Dakota 53,000 Grand Forks
43%
Wyoming 28,000 Gillette
37%
South Dakota 28,000 Aberdeen
33%
North Dakota 41,000 Minot
33%
Vermont 20,000 South Burlington
29%
Vermont 15,000 Rutland
24%
North Dakota 26,000 West Fargo
22%
Wyoming 22,000 Rock Springs
20%
South Dakota 24,000 Brookings
18%
Vermont 12,000 Essex Junction
16%
Vermont 9,000 Bennington
14%
South Dakota 22,000 Watertown
10%
Alaska 13,000 Badger
4%
Alaska 18,000 Knik-Fairview
2%
No matching quizzes found
Score Distribution
Percent of People with Each Score
Percentile by Number Answered
Your Score History
You have not taken this quiz